Анализ и улучшение качества природных вод: учебное пособие; в 2-х частях

Bibliografiset tiedot
Kieli:venäjä
Julkaistu: Томск, Изд-во ТПУ, 2007-
Sarja:Учебники Томского политехнического университета
Aineistotyyppi: Kirja
KOHA link:https://koha.lib.tpu.ru/cgi-bin/koha/opac-detail.pl?biblionumber=136954

MARC

LEADER 00000nam1a2200000 4500
001 136954
005 20250626170928.0
035 |a (RuTPU)RU\TPU\book\148439 
090 |a 136954 
100 |a 20080430d m y0rusy50 ca 
101 0 |a rus 
102 |a RU 
200 1 |a Анализ и улучшение качества природных вод  |e учебное пособие  |e в 2-х частях  |f Р. Ф. Зарубина, Ю. Г. Копылова, А. Г. Зарубин  |g Томский политехнический университет (ТПУ) 
210 |a Томск  |c Изд-во ТПУ  |d 2007-  
225 1 |a Учебники Томского политехнического университета 
801 1 |a RU  |b 63413507  |c 20080430  |g PSBO 
850 |a 63413507 
942 |c BK